5HLuxD.jpg

KING HENRY VIII SENIOR AND PRIMARY SCHOOL LIBRARY OPAC

Molecular biology of the cell / (Record no. 3838)

000 -LEADER
fixed length control field 02321cam a2200445 a 4500
001 - CONTROL NUMBER
control field 14727288
003 - CONTROL NUMBER IDENTIFIER
control field OSt
005 - DATE AND TIME OF LATEST TRANSACTION
control field 20241107082831.0
007 - PHYSICAL DESCRIPTION FIXED FIELD--GENERAL INFORMATION
fixed length control field co ugu||||||||
008 - FIXED-LENGTH DATA ELEMENTS--GENERAL INFORMATION
fixed length control field 070207s2008 nyua b 001 0 eng
010 ## - LIBRARY OF CONGRESS CONTROL NUMBER
LC control number 2007005475
015 ## - NATIONAL BIBLIOGRAPHY NUMBER
National bibliography number GBA775295
Source bnb
020 ## - INTERNATIONAL STANDARD BOOK NUMBER
International Standard Book Number 9780815341062 (pbk.)
035 ## - SYSTEM CONTROL NUMBER
System control number (OCoLC)ocm82473851
040 ## - CATALOGING SOURCE
Original cataloging agency DLC
Transcribing agency DLC
Modifying agency BAKER
-- BTCTA
-- C#P
-- YDXCP
-- VAM
-- VET
-- NLGGC
-- UKM
-- VRC
-- GZM
-- MBB
-- DLC
-- KH8
082 00 - DEWEY DECIMAL CLASSIFICATION NUMBER
Classification number 571.6 ALB
Edition number 22
245 00 - TITLE STATEMENT
Title Molecular biology of the cell /
Statement of responsibility, etc. Bruce Alberts ... [et al.] ; with problems by John Wilson, Tim Hunt.
250 ## - EDITION STATEMENT
Edition statement 5th ed.
260 ## - PUBLICATION, DISTRIBUTION, ETC.
Place of publication, distribution, etc. New York :
Name of publisher, distributor, etc. Garland Science,
Date of publication, distribution, etc. c2008.
300 ## - PHYSICAL DESCRIPTION
Extent 1 v. (various pagings) :
Other physical details ill. (chiefly col.) ;
Dimensions 28 cm. +
Accompanying material 1 DVD-ROM (4 3/4 in.)
504 ## - BIBLIOGRAPHY, ETC. NOTE
Bibliography, etc. note Includes bibliographical references and index.
505 0# - FORMATTED CONTENTS NOTE
Formatted contents note Cells and genomes -- Cell chemistry and biosynthesis -- Proteins -- DNA, chromosomes, and genomes -- DNA replication, repair, and recombination -- How cells read the genome: from DNA to protein -- Control of gene expression -- Manipulating proteins, DNA, and RNA -- Visualizing cells -- Membrane structure -- Membrane transport of small molecules and the electrical properties of membranes -- Intracellular compartments and protein sorting -- Intracellular vesicular traffic -- Energy conversion: mitochondria and chloroplasts -- Mechanisms of cell communication -- The cytoskeleton -- The cell cycle -- Apoptosis -- Cell junctions, cell adhesion, and the extracellular matrix -- Cancer -- Sexual reproduction: meiosis, germ cells, and fertilization -- Development of multicellular organisms -- Specialized tissues, stem cells, and tissue renewal -- Pathogens, infection, and innate immunity -- The adaptive immune system.
505 0# - FORMATTED CONTENTS NOTE
Formatted contents note Tables: The genetic code, amino acids.
650 #0 - SUBJECT ADDED ENTRY--TOPICAL TERM
Topical term or geographic name entry element Cytology.
650 #0 - SUBJECT ADDED ENTRY--TOPICAL TERM
Topical term or geographic name entry element Molecular biology.
650 #2 - SUBJECT ADDED ENTRY--TOPICAL TERM
Topical term or geographic name entry element Cells
650 #2 - SUBJECT ADDED ENTRY--TOPICAL TERM
Topical term or geographic name entry element Cell Communication
650 #2 - SUBJECT ADDED ENTRY--TOPICAL TERM
Topical term or geographic name entry element Cell Membrane
650 #2 - SUBJECT ADDED ENTRY--TOPICAL TERM
Topical term or geographic name entry element Stem Cells
650 #2 - SUBJECT ADDED ENTRY--TOPICAL TERM
Topical term or geographic name entry element DNA
650 #2 - SUBJECT ADDED ENTRY--TOPICAL TERM
Topical term or geographic name entry element Amino Acids
650 #2 - SUBJECT ADDED ENTRY--TOPICAL TERM
Topical term or geographic name entry element Neoplasms
650 #2 - SUBJECT ADDED ENTRY--TOPICAL TERM
Topical term or geographic name entry element Molecular Biology
700 1# - ADDED ENTRY--PERSONAL NAME
Personal name Johnson, Alexander,
Relator term author.
700 1# - ADDED ENTRY--PERSONAL NAME
Personal name Lewis, Julian,
Relator term author.
700 1# - ADDED ENTRY--PERSONAL NAME
Personal name Raff, Martin,
Relator term author.
700 1# - ADDED ENTRY--PERSONAL NAME
Personal name Roberts, Keith,
Relator term author.
700 1# - ADDED ENTRY--PERSONAL NAME
Personal name Walter, Peter,
Relator term author.
942 ## - ADDED ENTRY ELEMENTS (KOHA)
Source of classification or shelving scheme
Koha item type Teaching Resources
Holdings
Withdrawn status Lost status Source of classification or shelving scheme Damaged status Not for loan Collection code Permanent Location Current Location Shelving location Date acquired Full call number Barcode Date last seen Price effective from Koha item type
          Teaching Resources KH8 Senior School Library KH8 Senior School Library Staff Office 2024-11-07 571.6 ALB TRKHSL006135 2024-11-07 2024-11-07 Teaching Resources

Powered By KH8 IT Dept